Statistics for All train stations in Warwickshire

Click here to take the quiz!

General Stats

  • This quiz has been taken 18 times
  • The average score is 16 of 24

Answer Stats

GroupAnswer% Correct
West Coast main lineNuneaton
100%
North Warwickshire lineStratford-upon-Avon
100%
Chiltern main lineWarwick
100%
Chiltern main lineLeamington Spa
93%
West Coast main lineRugby
86%
Chiltern main lineWarwick Parkway
86%
Coventry-Nuneaton lineBedworth
79%
Coventry-Leamington lineKenilworth
79%
West Coast main lineAtherstone
71%
North Warwickshire lineHenley-in-Arden
71%
North Warwickshire lineThe Lakes
71%
North Warwickshire lineDanzey
64%
North Warwickshire lineStratford-upon-Avon Parkway
64%
North Warwickshire lineWood End
64%
Leamington-Stratford lineBearley
57%
Coventry-Nuneaton lineBermuda Park
57%
Leamington-Stratford lineClaverdon
57%
North Warwickshire lineWilmcote
57%
North Warwickshire lineWootton Wawen
57%
Chiltern main lineHatton
50%
Chiltern main lineLapworth
50%
West Coast main linePolesworth
50%
Birmingham-Peterborough lineColeshill Parkway
36%
Birmingham-Peterborough lineWater Orton
36%

Score Distribution

Percentile by Number Answered

Percent of People with Each Score

Your Score History

You have not taken this quiz